000
00309nam a22001097a 4500
008
150904b xxu||||| |||| 00| 0 eng d
020
_a
0669020877
082
_a
551.48 MAT
100
_a
MATHER,JOHN R.
245
_a
THE CLIMATIC WATER BUDGET IN ENVIRONMENTAL ANALYSIS
260
_a
TORONTO;
_b
LEXINGTON BOOKS,
_c
1978.
999
_c
2175
_d
2175